Statistics for U.S. Cities by Picture #2

Click here to take the quiz!

General Stats

  • This quiz has been taken 9,324 times
  • The average score is 8 of 14

Answer Stats

Answer% Correct
Washington D.C.
100%
Lake Buena Vista (Orlando)
88%
St. Louis
87%
Denver
71%
San Antonio
66%
Dallas
65%
Salt Lake City
63%
Philadelphia
57%
Phoenix
53%
Anchorage
53%
Portland
48%
Atlanta
42%
Detroit
41%
Newport
12%

Score Distribution

Percentile by Number Answered

Percent of People with Each Score

Your Score History

You have not taken this quiz